[Event "Hastings Masters op"]
[Site "Hastings"]
[Date "2022.12.31"]
[Round "4"]
[White "Hebden, Mark"]
[Black "Okhai, Shabir"]
[Result "1-0"]
[WhiteElo "2448"]
[BlackElo "2149"]
[PlyCount "99"]
[EventDate "2022.12.28"]
[EventType "swiss"]
[EventRounds "10"]
[EventCountry "ENG"]
[SourceTitle "CBM 212 Extra"]
[Source "ChessBase"]
[SourceDate "2023.03.31"]
[SourceVersion "1"]
[SourceVersionDate "2023.03.31"]
[SourceQuality "1"]

1. d4 Nf6 2. c4 e6 3. Nc3 c5 4. d5 exd5 5. cxd5 d6 6. e4 g6 7. f4 Bg7 8. Bb5+ Nfd7 9. Be2 Qh4+ 10. g3 Qd8 11. Nf3 0-0 12. 0-0 Na6 13. Kg2 Nc7 14. f5 gxf5 15. exf5 Nf6 16. Bg5 b5 17. Nxb5 Nxb5 18. Bxb5 Rb8 19. Bd3 Rxb2+ 20. Kh3 Qa5 21. Nd2 Qc3 22. Nc4 Rb4 23. Rc1 Qd4 24. Nxd6 Bd7 25. Bc4 Qe5 26. Bf4 Bxf5+ 27. Kh4 Qb2 28. Qd2 Bd7 29. Qxb2 Rxb2 30. h3 Ng4 31. Rb1 Rfb8 32. Rxb2 Rxb2 33. Bc1 Rh2 34. Bb5 Bxb5 35. Nxb5 Nf2 36. Kg5 Ne4+ 37. Kf4 Nf6 38. d6 a6 39. Nc7 Nd7 40. Kf5 Rxa2 41. Re1 Bf8 42. Re7 Nb6 43. Re8 Rf2+ 44. Bf4 Kg7 45. Rb8 Nd7 46. Ne8+ Kg8 47. Nf6+ Nxf6 48. Kxf6 Rb2 49. d7 Kh8 50. Rxf8# 1-0

[Event "BCF-chT2 2223 (4NCL)"]
[Site "England"]
[Date "2022.10.22"]
[Round "1.53"]
[White "Payne, Matthew"]
[Black "Okhai, Shabir"]
[Result "0-1"]
[WhiteElo "2211"]
[BlackElo "2127"]
[PlyCount "66"]
[EventDate "2022.10.22"]
[EventType "team-tourn"]
[EventRounds "11"]
[EventCountry "ENG"]
[SourceTitle "EXT 2024"]
[Source "ChessBase"]
[SourceDate "2023.10.10"]
[SourceVersion "1"]
[SourceVersionDate "2023.10.10"]
[SourceQuality "1"]
[WhiteTeam "Sussex Martlets"]
[BlackTeam "The Rookies"]
[WhiteTeamCountry "ENG"]
[BlackTeamCountry "ENG"]

1. e4 e5 2. Nf3 Nc6 3. d4 exd4 4. Bc4 Nf6 5. e5 d5 6. Bb5 Ne4 7. Nxd4 Bd7 8. Bxc6 bxc6 9. 0-0 Bc5 10. f3 Ng5 11. f4 Ne4 12. Be3 Bb6 13. Nc3 Nxc3 14. bxc3 0-0 15. Qd2 Qe7 16. Rae1 Rfe8 17. Nb3 Bf5 18. a4 a5 19. Qf2 Rab8 20. Bd4 Qa3 21. Bxb6 Rxb6 22. Nd4 Be4 23. Qg3 c5 24. Rxe4 dxe4 25. Nf5 Rg6 26. Qh4 c4 27. Rd1 h6 28. Qe1 Qxa4 29. Qxe4 Qc6 30. Rd5 a4 31. Ne3 a3 32. Qxc4 Qxc4 33. Nxc4 Ra8 0-1

[Event "GBR-ch 108th"]
[Site "Torquay"]
[Date "2022.08.15"]
[Round "3"]
[White "Okhai, Shabir"]
[Black "Storey, Charles"]
[Result "0-1"]
[WhiteElo "2137"]
[BlackElo "2167"]
[PlyCount "136"]
[EventDate "2022.08.13"]
[EventType "swiss"]
[EventRounds "9"]
[EventCountry "ENG"]
[SourceTitle "CBM 209 Extra"]
[Source "ChessBase"]
[SourceDate "2022.09.30"]
[SourceVersion "1"]
[SourceVersionDate "2022.09.30"]
[SourceQuality "1"]

1. e4 e5 2. Nf3 Nc6 3. Bc4 Bc5 4. c3 Nf6 5. d3 d6 6. 0-0 0-0 7. Re1 Bb6 8. Nbd2 a6 9. a4 Ne7 10. Nf1 Ng6 11. a5 Ba7 12. h3 c6 13. Bb3 Bb8 14. Bc2 Bc7 15. b4 d5 16. Ng3 Re8 17. Be3 Be6 18. d4 Qb8 19. Bg5 Nxe4 20. Bxe4 dxe4 21. Nxe4 h6 22. Bc1 f5 23. Nc5 e4 24. Nxe6 Rxe6 25. Qb3 Qe8 26. d5 cxd5 27. Qxd5 Qc6 28. Qb3 Be5 29. Nd4 Bxd4 30. cxd4 Rd8 31. Bb2 Qd5 32. Qxd5 Rxd5 33. Rac1 Nf4 34. Rc8+ Kh7 35. Rc7 Nd3 36. Re2 Rg6 37. Rxb7 Nf4 38. Rc2 Rxg2+ 39. Kf1 Rh2 40. Kg1 Rg2+ 41. Kf1 e3 42. Re7 Rh2 43. Kg1 exf2+ 44. Rxf2 Rxf2 45. Kxf2 Nd3+ 46. Ke3 Nxb2 47. Re6 Nc4+ 48. Kd3 Rd6 49. d5 Rxe6 50. dxe6 Nd6 51. Kd4 Kg6 52. Kc5 Ne4+ 53. Kc6 f4 54. b5 axb5 55. a6 f3 56. a7 f2 57. e7 Nf6 58. a8Q f1Q 59. e8Q+ Nxe8 60. Qxe8+ Qf7 61. Qe3 Qf5 62. Kb6 Kh7 63. Ka5 Qb1 64. h4 b4 65. h5 b3 66. Ka4 Qc2 67. Kb4 b2 68. Ka3 b1N+ 0-1

[Event "ENG-ch Chessable"]
[Site "Kenilworth"]
[Date "2022.05.22"]
[Round "7"]
[White "Hackner, Oskar A"]
[Black "Okhai, Shabir"]
[Result "1-0"]
[WhiteElo "2177"]
[BlackElo "2121"]
[PlyCount "89"]
[EventDate "2022.05.19"]
[EventType "swiss"]
[EventRounds "7"]
[EventCountry "ENG"]
[SourceTitle "CBM 208 Extra"]
[Source "ChessBase"]
[SourceDate "2022.07.31"]
[SourceVersion "1"]
[SourceVersionDate "2022.07.31"]
[SourceQuality "1"]

1. d4 Nf6 2. c4 g6 3. g3 c6 4. b3 d5 5. Bb2 Bg7 6. Bg2 0-0 7. Nf3 dxc4 8. bxc4 c5 9. e3 cxd4 10. exd4 Nc6 11. 0-0 Qb6 12. Qb3 Na5 13. Qxb6 axb6 14. Nbd2 Bf5 15. Rfe1 Rfe8 16. Bf1 Rac8 17. Rac1 h5 18. Ba3 Rc7 19. d5 Bh6 20. Bb2 Rcc8 21. Bd4 Nd7 22. Be3 Bxe3 23. Rxe3 b5 24. c5 Rxc5 25. Rxc5 Nxc5 26. Bxb5 Bd7 27. Rc3 b6 28. Rxc5 bxc5 29. Bxd7 Rd8 30. Bb5 Rxd5 31. Kf1 Kg7 32. Ke2 f5 33. Nc4 Nxc4 34. Bxc4 Rd8 35. Ne5 Kf6 36. f4 g5 37. a4 Rd4 38. Ke3 Rd1 39. a5 Ra1 40. a6 Ra3+ 41. Kf2 Ra4 42. h4 gxf4 43. gxf4 e6 44. Nd7+ Ke7 45. Nb6 1-0

[Event "ENG-ch Chessable"]
[Site "Kenilworth"]
[Date "2022.05.21"]
[Round "6"]
[White "Okhai, Shabir"]
[Black "Duncan, Patrick"]
[Result "1-0"]
[WhiteElo "2121"]
[BlackElo "2013"]
[PlyCount "133"]
[EventDate "2022.05.19"]
[EventType "swiss"]
[EventRounds "7"]
[EventCountry "ENG"]
[SourceTitle "CBM 208 Extra"]
[Source "ChessBase"]
[SourceDate "2022.07.31"]
[SourceVersion "1"]
[SourceVersionDate "2022.07.31"]
[SourceQuality "1"]

1. e4 c6 2. d4 d5 3. e5 Bf5 4. Nd2 e6 5. Nb3 Nd7 6. Nf3 Ne7 7. Be2 f6 8. exf6 gxf6 9. Nh4 Bg6 10. Bg4 e5 11. 0-0 f5 12. Bh3 e4 13. Bg5 Qc7 14. Rc1 0-0-0 15. c4 dxc4 16. Rxc4 Kb8 17. Qc1 Ka8 18. Rc2 Nb6 19. Nc5 Qd6 20. Bf4 Qd5 21. Bc7 Re8 22. Be5 Rg8 23. a4 Nd7 24. Nxd7 Qxd7 25. b4 Bg7 26. b5 Bxe5 27. dxe5 Rc8 28. Rd1 Qe6 29. f4 exf3 30. Nxf3 cxb5 31. axb5 Qb6+ 32. Kh1 Qxb5 33. Rxc8+ Rxc8 34. Qa3 Qc5 35. Qb3 Qc2 36. Qxc2 Rxc2 37. Nd4 Rc8 38. Re1 a6 39. g3 Ka7 40. Bg2 b5 41. Kg1 Kb6 42. Ne6 Bf7 43. Ng5 Bg8 44. Rd1 Rc7 45. Rd6+ Ka7 46. e6 h6 47. Nf7 Nc8 48. Rd8 Bxf7 49. exf7 Rxf7 50. Rxc8 Rf6 51. Kf2 f4 52. g4 Kb6 53. Be4 a5 54. h4 a4 55. g5 hxg5 56. hxg5 Rf7 57. g6 Rg7 58. Ra8 Kc5 59. Kf3 Kb4 60. Kxf4 Kb3 61. Kf5 b4 62. Bd5+ Ka3 63. Bc6 b3 64. Rxa4+ Kb2 65. Bd5 Kc3 66. Ra3 Kd4 67. Bxb3 1-0

[Event "ENG-ch Chessable"]
[Site "Kenilworth"]
[Date "2022.05.20"]
[Round "4"]
[White "Okhai, Shabir"]
[Black "Roberson, Peter T"]
[Result "0-1"]
[WhiteElo "2121"]
[BlackElo "2421"]
[PlyCount "100"]
[EventDate "2022.05.19"]
[EventType "swiss"]
[EventRounds "7"]
[EventCountry "ENG"]
[SourceTitle "CBM 208 Extra"]
[Source "ChessBase"]
[SourceDate "2022.07.31"]
[SourceVersion "1"]
[SourceVersionDate "2022.07.31"]
[SourceQuality "1"]

1. e4 c5 2. Nf3 d6 3. Bb5+ Nd7 4. a4 Ngf6 5. Nc3 a6 6. Be2 g6 7. a5 Bg7 8. 0-0 0-0 9. d3 b6 10. axb6 Nxb6 11. Qd2 Bb7 12. Qg5 Ne8 13. Qh4 Nc7 14. Ng5 h6 15. Nh3 e6 16. Qg3 Kh7 17. f4 f5 18. Bf3 d5 19. exf5 gxf5 20. Bd2 Bf6 21. Qe1 Qd7 22. Nd1 Bc6 23. Bc3 d4 24. Ba5 Nbd5 25. Kh1 Nb5 26. Rb1 Rg8 27. c4 dxc3 28. bxc3 Ne7 29. Nb2 Bxf3 30. Rxf3 Nc6 31. Nc4 Nxa5 32. Nxa5 Bxc3 33. Qh4 Rg4 34. Qh5 Bxa5 35. Ng5+ Kg7 36. Ne4 Qf7 37. Qh3 Bb4 38. Re3 Rg6 39. Ng3 Nc3 40. Nh5+ Kh7 41. Rg1 Nd5 42. Re2 a5 43. g4 fxg4 44. Rxg4 Rxg4 45. Qxg4 Rg8 46. Qf3 a4 47. Re5 Bc3 48. d4 Bxd4 49. Re1 Rg6 50. Qe4 Qf5 0-1

[Event "Daventry 4NCL Easter op-A 2nd"]
[Site "Daventry"]
[Date "2022.04.18"]
[Round "6"]
[White "Okhai, Shabir"]
[Black "White, Stuart A"]
[Result "1/2-1/2"]
[WhiteElo "2126"]
[BlackElo "2038"]
[PlyCount "33"]
[EventDate "2022.04.15"]
[EventType "swiss"]
[EventRounds "7"]
[EventCountry "ENG"]
[SourceTitle "CBM 207 Extra"]
[Source "ChessBase"]
[SourceDate "2022.05.31"]
[SourceVersion "1"]
[SourceVersionDate "2022.05.31"]
[SourceQuality "1"]

1. e4 e6 2. d4 d5 3. Nc3 Nf6 4. e5 Nfd7 5. f4 c5 6. Nf3 Nc6 7. Be3 a6 8. Qd2 Be7 9. dxc5 Nxc5 10. 0-0-0 b5 11. Nd4 Qc7 12. Nxc6 Qxc6 13. Bd3 b4 14. Ne2 b3 15. a3 Rb8 16. Qc3 Bd7 17. Bxc5 1/2-1/2

[Event "Daventry 4NCL Easter op-A 2nd"]
[Site "Daventry"]
[Date "2022.04.17"]
[Round "5"]
[White "Hebden, Mark"]
[Black "Okhai, Shabir"]
[Result "1-0"]
[WhiteElo "2448"]
[BlackElo "2126"]
[PlyCount "48"]
[EventDate "2022.04.15"]
[EventType "swiss"]
[EventRounds "7"]
[EventCountry "ENG"]
[SourceTitle "CBM 207 Extra"]
[Source "ChessBase"]
[SourceDate "2022.05.31"]
[SourceVersion "1"]
[SourceVersionDate "2022.05.31"]
[SourceQuality "1"]

1. d4 Nf6 2. Nf3 e6 3. c4 c5 4. e3 cxd4 5. exd4 d5 6. Nc3 Bb4 7. cxd5 Nxd5 8. Qc2 Nc6 9. Bd3 h6 10. 0-0 Be7 11. a3 0-0 12. Rd1 Kh8 13. Bc4 Nf6 14. Bf4 Bd7 15. Qd2 Ng8 16. d5 exd5 17. Nxd5 Bg4 18. Qe3 Bxf3 19. Qxf3 Rc8 20. Nxe7 Qxe7 21. Bd6 Qg5 22. Bxf8 Ne5 23. Qg3 Rxc4 24. Qxg5 hxg5 1-0